MARC

LEADER 00000nam0a2200000 4500
001 365927
005 20231102011831.0
035 |a (RuTPU)RU\TPU\retro\23290 
090 |a 365927 
100 |a 20220126d1972 m y0rusy50 ca 
101 0 |a rus 
102 |a RU 
105 |a af z 001zy 
200 1 |a Северные этюды  |f С. Н. Разгонов 
210 |a Москва  |c Молодая гвардия  |d 1972 
215 |a 192 с., [24] л.  |c ил. 
225 1 |a Панорама 
320 |a Библиогр.: с. 189-190 
606 1 |a Краеведение  |2 stltpush  |3 (RuTPU)RU\TPU\subj\16068  |9 42256 
610 1 |a Россия 
610 1 |a культура 
610 1 |a Вологда 
610 1 |a Великий Устюг 
610 1 |a Кирилло-Белозерский монастырь 
610 1 |a Соловецкий архипелаг 
610 1 |a архитектура 
675 |a 908  |v 4 
700 1 |a Разгонов  |b С. Н.  |g Сергей Николаевич 
801 1 |a RU  |b 63413507  |c 20220126 
801 2 |a RU  |b 63413507  |c 20230307  |g RCR 
942 |c BK